| 000 -LEADER |
| fixed length control field |
01592 a2200241 4500 |
| 003 - CONTROL NUMBER IDENTIFIER |
| control field |
Nust |
| 005 - DATE AND TIME OF LATEST TRANSACTION |
| control field |
20230815142355.0 |
| 010 ## - LIBRARY OF CONGRESS CONTROL NUMBER |
| LC control number |
00055012 |
| 020 ## - INTERNATIONAL STANDARD BOOK NUMBER |
| International Standard Book Number |
0071356045 |
| 040 ## - CATALOGING SOURCE |
| Transcribing agency |
Nust |
| 082 00 - DEWEY DECIMAL CLASSIFICATION NUMBER |
| Classification number |
621.3827,CHO |
| 100 1# - MAIN ENTRY--PERSONAL NAME |
| Personal name |
Chomycz, Bob. |
| 9 (RLIN) |
105723 |
| 245 10 - TITLE STATEMENT |
| Title |
Fiber optic installer's field manual / |
| Statement of responsibility, etc. |
Bob Chomycz. |
| 260 ## - PUBLICATION, DISTRIBUTION, ETC. |
| Place of publication, distribution, etc. |
New York : |
| Name of publisher, distributor, etc. |
McGraw Hill, |
| Date of publication, distribution, etc. |
2000. |
| 300 ## - PHYSICAL DESCRIPTION |
| Extent |
xi, 307 p. : |
| Other physical details |
ill. ; |
| Dimensions |
21 cm. |
| 505 ## - FORMATTED CONTENTS NOTE |
| Formatted contents note |
Introduction (Page-1), Properties of Light (Page-13), Optical Fiber Cables (Page-41), Cable Procurement (Page-57), Safety Precautions (Page-61), Handling Fiber Optic Cable (Page-65), Outdoor Cable Installation (Page-69), Indoor Cable Installation (Page-87), Splicing and Termination (Page-97), Patch Cords and Connectors (Page-116), Power Meter Test Procedure (Page-123), The OTDR and OSA (Page-137), Fiber Installation Tests (Page-147), Lightwave Equipment (Page-155), SONET / SDH (Page-183), LAN (Page-195), Fiber Systems Deployment (Page-201), Maintenance (Page-209), Emergency Cable Repair (Page-211),Records (Page-217), Troubleshooting (Page-219), Fiber Design Fundamentals (Page-221), Personnel (Page-243), Dark Fiber Leasing (Page-247). |
| 650 #0 - SUBJECT ADDED ENTRY--TOPICAL TERM |
| Topical term or geographic name entry element |
Fiber optics |
| General subdivision |
Equipment and supplies |
| -- |
Installation |
| 9 (RLIN) |
105724 |
| 650 #0 - SUBJECT ADDED ENTRY--TOPICAL TERM |
| Topical term or geographic name entry element |
Optical communications |
| General subdivision |
Equipment and supplies |
| -- |
Installation |
| 9 (RLIN) |
105725 |
| 650 #0 - SUBJECT ADDED ENTRY--TOPICAL TERM |
| Topical term or geographic name entry element |
Optical communications |
| General subdivision |
Fieldwork |
| 9 (RLIN) |
105726 |
| 856 42 - ELECTRONIC LOCATION AND ACCESS |
| Materials specified |
Publisher description |
| Uniform Resource Identifier |
<a href="http://www.loc.gov/catdir/description/mh021/00055012.html">http://www.loc.gov/catdir/description/mh021/00055012.html</a> |
| 856 42 - ELECTRONIC LOCATION AND ACCESS |
| Materials specified |
Table of contents |
| Uniform Resource Identifier |
<a href="http://www.loc.gov/catdir/toc/mh021/00055012.html">http://www.loc.gov/catdir/toc/mh021/00055012.html</a> |
| 942 ## - ADDED ENTRY ELEMENTS (KOHA) |
| Source of classification or shelving scheme |
|
| Koha item type |
Book |